|
|
|
|
| LEADER |
00987nam a22003012a 4500 |
| 001 |
000795327 |
| 003 |
CZ BrMZK |
| 005 |
20200129125016.0 |
| 007 |
ta |
| 008 |
051101s1969 xr a er 000 0 cze d |
| 015 |
|
|
|a cnb000144662
|
| 035 |
|
|
|a (OCoLC)42156818
|
| 040 |
|
|
|a BOA001
|b cze
|
| 100 |
1 |
|
|a Smotlacha, Miroslav,
|d 1920-2007
|7 jk01120142
|4 aut
|
| 245 |
1 |
0 |
|a Houby /
|c Miroslav Smotlacha
|
| 250 |
|
|
|a 1. vyd.
|
| 260 |
|
|
|a Praha :
|b Státní zemědělské nakladatelství,
|c 1969
|
| 300 |
|
|
|a 47 s.
|
| 490 |
1 |
|
|a Moje záliby
|
| 490 |
1 |
|
|a Lesnictví a myslivost
|
| 504 |
|
|
|a Obsahuje bibliografii
|
| 830 |
|
0 |
|a Moje záliby
|0 s
|
| 830 |
|
0 |
|a Lesnictví a myslivost
|0 s
|
| 910 |
|
|
|a BOA001
|b PK-N-0011.834
|b X2-0623.069
|
| 964 |
|
|
|a Houby - příručky
|
| 990 |
|
|
|a BK
|
| 996 |
6 |
|
|b 2618840349
|c X2-0623.069
|l MZK
|r Sklad / do 24 hodin
|n 0
|w 000795327
|u 000020
|a 1
|e BOA001
|j MZK50
|s P
|
| 996 |
7 |
|
|b 3119679770
|c PK-N-0011.834
|l MZK
|r Sklad / do 1 hodiny
|n 1
|w 000795327
|u 000010
|a 1
|e BOA001
|j MZK50
|s A
|